=LDR 00000nam 2200000 4500 =001 INLIS000000000045049 =005 20250325081510 =035 ##$$a 0010-121400000000199 =008 250325################g##########0#ind## =082 ##$$a 028.5 =090 ##$$a 028.5 $b tau k =100 ##$$a Taufik Remington =245 1#$$a kesabaranku membuahkan hasil /$c Taufik Remington =260 ##$$a Bandung :$b PT Puri Delco,$c 2012 =300 ##$$a 70 hlm : $b ilus ; $c 23 x 15 cm =850 ##$$a NBPMAT =084 ##$$a 028.5 Tau k =020 ##$$a 978-6028-713-702 =990 ##$$a 0001/BPAP-NTB/20142014 =990 ##$$a 0001/BPAP-NTB/20142014 =990 ##$$a 21304917 =990 ##$$a 21304915 =990 ##$$a 06170617 =990 ##$$a 06180618 =990 ##$$a 21304918 =990 ##$$a 0001/BPAP-NTB/20142014 =990 ##$$a 0001/BPAP-NTB/20142014 =990 ##$$a 21304917 =990 ##$$a 21304915 =990 ##$$a 1202500617